<?xml version="1.0" encoding="UTF-8"?>
<record
    xmlns:xsi="http://www.w3.org/2001/XMLSchema-instance"
    xsi:schemaLocation="http://www.loc.gov/MARC21/slim http://www.loc.gov/standards/marcxml/schema/MARC21slim.xsd"
    xmlns="http://www.loc.gov/MARC21/slim">

  <leader>01167nam a2200289Ia 4500</leader>
  <controlfield tag="003">OSt</controlfield>
  <controlfield tag="005">20210107091246.0</controlfield>
  <controlfield tag="008">191128t2014    eu a   gr     000 0 spa d</controlfield>
  <datafield tag="020" ind1=" " ind2=" ">
    <subfield code="a">9780545685153</subfield>
  </datafield>
  <datafield tag="040" ind1=" " ind2=" ">
    <subfield code="a">CO-JMCR</subfield>
    <subfield code="c">CO-JMCR</subfield>
  </datafield>
  <datafield tag="041" ind1="0" ind2=" ">
    <subfield code="a">eng</subfield>
  </datafield>
  <datafield tag="082" ind1="0" ind2="4">
    <subfield code="a">793.92 /</subfield>
    <subfield code="b">N375m2</subfield>
    <subfield code="2">23</subfield>
  </datafield>
  <datafield tag="100" ind1="1" ind2=" ">
    <subfield code="a">Needler, Matthew, </subfield>
    <subfield code="e">autor</subfield>
    <subfield code="9">10368</subfield>
  </datafield>
  <datafield tag="245" ind1="1" ind2="0">
    <subfield code="a">Minecraft : </subfield>
    <subfield code="b">redstone handbook / </subfield>
    <subfield code="c">Matthew Needler ; Phil Southam ; ilustraciones de James Barker ; Theo Cordner ; Mojang AB</subfield>
  </datafield>
  <datafield tag="260" ind1=" " ind2=" ">
    <subfield code="a">New York, NY : </subfield>
    <subfield code="b">Scholasti, </subfield>
    <subfield code="c">&#xA9;2014</subfield>
  </datafield>
  <datafield tag="300" ind1=" " ind2=" ">
    <subfield code="a">79 p&#xE1;ginas : </subfield>
    <subfield code="b">ilustraciones a color ; </subfield>
    <subfield code="c">19 cm.</subfield>
  </datafield>
  <datafield tag="490" ind1="0" ind2=" ">
    <subfield code="a">Minecraft</subfield>
  </datafield>
  <datafield tag="505" ind1="0" ind2=" ">
    <subfield code="a">Welcome to redstone -- Redstone ore -- Redstone dust -- Redstone torch -- Redstone repeater -- Piston -- Sticky piston -- Power sources -- Lighting systems -- piston doors --</subfield>
  </datafield>
  <datafield tag="546" ind1=" " ind2=" ">
    <subfield code="a">Texto en ingles</subfield>
  </datafield>
  <datafield tag="650" ind1="1" ind2="4">
    <subfield code="a">Minecraft (Juego) </subfield>
    <subfield code="x">manuales</subfield>
    <subfield code="9">10369</subfield>
  </datafield>
  <datafield tag="650" ind1="1" ind2="4">
    <subfield code="a">Literatura juvenil</subfield>
    <subfield code="x">videojuegos</subfield>
    <subfield code="v">manuales </subfield>
    <subfield code="9">10387</subfield>
  </datafield>
  <datafield tag="700" ind1="1" ind2=" ">
    <subfield code="a">Southam, Phil, </subfield>
    <subfield code="e">autor</subfield>
    <subfield code="9">10371</subfield>
  </datafield>
  <datafield tag="700" ind1="1" ind2=" ">
    <subfield code="a">Barker, James, </subfield>
    <subfield code="e">ilustrador</subfield>
    <subfield code="9">10372</subfield>
  </datafield>
  <datafield tag="700" ind1="1" ind2=" ">
    <subfield code="a">Cordner, Theo, </subfield>
    <subfield code="e">ilustrador</subfield>
    <subfield code="9">10373</subfield>
  </datafield>
  <datafield tag="700" ind1="1" ind2=" ">
    <subfield code="a">AB, Moiang, </subfield>
    <subfield code="e">ilustrador</subfield>
    <subfield code="9">10374</subfield>
  </datafield>
  <datafield tag="942" ind1=" " ind2=" ">
    <subfield code="2">ddc</subfield>
    <subfield code="c">BK</subfield>
  </datafield>
  <datafield tag="999" ind1=" " ind2=" ">
    <subfield code="c">4669</subfield>
    <subfield code="d">4669</subfield>
  </datafield>
  <datafield tag="952" ind1=" " ind2=" ">
    <subfield code="0">0</subfield>
    <subfield code="1">0</subfield>
    <subfield code="2">ddc</subfield>
    <subfield code="4">0</subfield>
    <subfield code="7">0</subfield>
    <subfield code="8">NFIC</subfield>
    <subfield code="a">CPL</subfield>
    <subfield code="b">CPL</subfield>
    <subfield code="d">2018-04-15</subfield>
    <subfield code="e">Donaci&#xF3;n</subfield>
    <subfield code="l">22</subfield>
    <subfield code="o">793.92 / N375m2</subfield>
    <subfield code="p">201809660</subfield>
    <subfield code="r">2026-03-20 16:52:15</subfield>
    <subfield code="s">2026-03-20</subfield>
    <subfield code="t">Ej.1</subfield>
    <subfield code="y">BK</subfield>
  </datafield>
</record>
